[Event "Mondiale Lampo FIDE 2019"]
[Site "Mosca"]
[Date "30.12.2019"]
[Round "16.51"]
[White "Gajewski, Grzegorz"]
[Black "Smirin, Ilia"]
[Result "1-0"]
[WhiteTitle "GM"]
[BlackTitle "GM"]
[WhiteElo "2626"]
[BlackElo "2607"]
[WhiteFideId "1116207"]
[BlackFideId "2801990"]
[EventDate "2019.12.29"]

1. e4 d6 2. d4 Nf6 3. Nc3 g6 4. f4 Bg7 5. Nf3 O-O 6. a3 b6 7. Bd3 c5 8. e5 cxd4
9. exf6 Bxf6 10. Nxd4 Bxd4 11. Be4 e5 12. Bxa8 Re8 13. Ne2 Bg4 14. Bf3 Bxf3 15.
gxf3 Qh4+ 16. Kd2 Qf2 17. c3 Be3+ 18. Kc2 exf4 19. Qf1 Qh4 20. Bxe3 Rxe3 21. Rd1
Nc6 22. Kb1 Ne5 23. Nd4 Qh5 24. Qf2 Nxf3 25. Nxf3 Rxf3 26. Qd4 Qf5+ 27. Ka1 Qe5
28. Rhe1 Qxd4 29. Rxd4 g5 30. Rxd6 Kg7 31. Re5 h6 32. Rf5 Rh3 33. Rdf6 Rxh2 34.
Rxf7+ Kg6 35. R7f6+ Kh5 36. c4 Kg4 37. b4 h5 38. c5 h4 39. c6 Rc2 40. Kb1 Rxc6
41. Rxc6 Kxf5 42. Kc2 Kg4 43. Kd2 Kg3 44. Ke2 Kg2 45. Rg6 f3+ 46. Ke3 f2 47.
Rxg5+ Kf1 48. Rf5 h3 49. Rxf2+ Kg1 50. Rd2 h2 1-0

[Event "Mondiale Lampo FIDE 2019"]
[Site "Mosca"]
[Date "30.12.2019"]
[Round "16.52"]
[White "Harsha, Bharathakoti"]
[Black "Alonso Rosell, Alvar"]
[Result "1-0"]
[WhiteTitle "GM"]
[BlackTitle "GM"]
[WhiteElo "2523"]
[BlackElo "2548"]
[WhiteFideId "5078776"]
[BlackFideId "2270544"]
[EventDate "2019.12.29"]

1. f4 d5 2. Nf3 Nf6 3. g3 e6 4. Bg2 Be7 5. O-O O-O 6. d3 c5 7. Qe1 b5 8. e4 Bb7
9. e5 Nfd7 10. Nc3 b4 11. Ne2 Nc6 12. g4 f6 13. exf6 Bxf6 14. g5 Be7 15. Ng3 Kh8
16. Qxe6 c4 17. d4 Re8 18. Qg4 Qb6 19. f5 Nde5 20. Nxe5 Nxe5 21. Qh4 Nc6 22. c3
bxc3 23. bxc3 Qa5 24. f6 Qxc3 25. fxg7+ Kxg7 26. Rf7+ Kxf7 27. Qxh7+ Ke6 28.
Qf5+ Kd6 29. Bf4+ Ne5 30. Qxe5+ Kd7 31. Bh3+ Kc6 32. Qc7+ Kb5 33. Qxb7+ Ka4 34.
Bd7+ Ka3 35. Bc1+ Qxc1+ 36. Rxc1 Bb4 37. Qxd5 Re3 38. Qxa8 c3 39. Qxa7+ Kb2 40.
Rxc3 Bxc3 41. g6 Rd3 42. g7 Bxd4+ 43. Qxd4+ Rxd4 44. g8=Q Rxd7 45. Qc4 Rd1+ 46.
Kg2 Rd8 47. Qb4+ Ka1 48. a4 Rc8 49. a5 Rc2+ 50. Kf3 Rxh2 51. a6 Ra2 52. Qe1+ Kb2
53. Qd2+ Kb3 54. Qxa2+ 1-0

[Event "Mondiale Lampo FIDE 2019"]
[Site "Mosca"]
[Date "30.12.2019"]
[Round "16.53"]
[White "Kim, Alexey"]
[Black "Petrov, Nikita"]
[Result "0-1"]
[WhiteTitle "GM"]
[BlackTitle "GM"]
[WhiteElo "2464"]
[BlackElo "2585"]
[WhiteFideId "4129776"]
[BlackFideId "4101286"]
[EventDate "2019.12.29"]

1. e4 e5 2. Nf3 Nc6 3. Bc4 Bc5 4. c3 Nf6 5. d3 d6 6. Bb3 a6 7. Nbd2 h6 8. h3 Ba7
9. Nf1 Be6 10. Ng3 O-O 11. O-O d5 12. Qe2 Re8 13. Rd1 Qd7 14. Nh4 Rad8 15. Qf3
Nh7 16. Nhf5 Ne7 17. Nxg7 Kxg7 18. Nh5+ Kh8 19. Nf6 Qd6 20. Bxh6 Ng8 21. Nxh7
Kxh7 22. Bg5 f6 23. Qh5+ Kg7 24. d4 fxg5 25. Qxg5+ Kf8 26. Rd3 dxe4 27. Rg3 Rd7
28. dxe5 Qb6 29. Rf1 Bxb3 30. axb3 Qe6 31. Rg4 Ree7 32. Re1 Rg7 33. Rf4+ Rdf7
34. Qd8+ Qe8 35. Qh4 Rxf4 36. Qxf4+ Rf7 37. Qxe4 Bxf2+ 0-1

[Event "Mondiale Lampo FIDE 2019"]
[Site "Mosca"]
[Date "30.12.2019"]
[Round "16.54"]
[White "Yuffa, Daniil"]
[Black "Zarnicki, Pablo"]
[Result "1-0"]
[WhiteTitle "GM"]
[BlackTitle "GM"]
[WhiteElo "2566"]
[BlackElo "2514"]
[WhiteFideId "24131423"]
[BlackFideId "100137"]
[EventDate "2019.12.29"]

1. d4 Nf6 2. c4 e6 3. g3 d5 4. Bg2 Be7 5. Nf3 O-O 6. O-O dxc4 7. Qc2 a6 8. a4
Bd7 9. Bg5 Bc6 10. Rd1 a5 11. Nbd2 Na6 12. Nxc4 Nb4 13. Qc1 Be4 14. Nfe5 Bxg2
15. Kxg2 c6 16. Bxf6 Bxf6 17. e4 Qc7 18. Qf4 Rfd8 19. Rac1 Bxe5 20. Qxe5 Qxe5
21. Nxe5 f6 22. Nc4 Kf7 23. f4 Ke7 24. Kf3 h5 25. h3 Kf7 26. Ne3 Rd7 27. Rd2
Rad8 28. Rcd1 b5 29. b3 g6 30. g4 hxg4+ 31. hxg4 Rh8 32. Kg3 Ke8 33. d5 bxa4 34.
bxa4 cxd5 35. exd5 exd5 36. Nxd5 Kf7 37. Nxb4 Rxd2 38. Rxd2 axb4 39. Rd7+ Ke6
40. Rb7 Rc8 41. Rxb4 Rc3+ 42. Kf2 Ra3 43. Rb6+ Kd5 44. Rxf6 Ke4 45. a5 Rxa5 46.
Kg3 Rb5 47. Re6+ Kd4 48. Rxg6 Rb3+ 49. Kh4 Ke4 50. Kg5 Rb5+ 51. f5 Rb8 52. Re6+
Kd5 53. Re1 Rf8 54. f6 1-0

[Event "Mondiale Lampo FIDE 2019"]
[Site "Mosca"]
[Date "30.12.2019"]
[Round "16.55"]
[White "Bologan, Victor"]
[Black "Vastrukhin, Oleg"]
[Result "1-0"]
[WhiteTitle "GM"]
[BlackTitle "IM"]
[WhiteElo "2574"]
[BlackElo "2428"]
[WhiteFideId "13900048"]
[BlackFideId "4192770"]
[EventDate "2019.12.29"]

1. e4 e6 2. d3 d5 3. Qe2 Nf6 4. Nf3 Be7 5. g3 b6 6. Bg2 Bb7 7. e5 Nfd7 8. h4 c5
9. O-O Nc6 10. c4 d4 11. Na3 h6 12. h5 a6 13. Nc2 Qc7 14. Re1 O-O-O 15. a3 g6
16. hxg6 fxg6 17. Rb1 g5 18. Bh3 Nf8 19. b4 Kb8 20. b5 axb5 21. cxb5 Na5 22. Bd2
c4 23. Bxa5 bxa5 24. Ncxd4 cxd3 25. Nc6+ Ka8 26. Qe3 Rd5 27. Qa7# 1-0

[Event "Mondiale Lampo FIDE 2019"]
[Site "Mosca"]
[Date "30.12.2019"]
[Round "16.56"]
[White "Khusnutdinov, Rustam"]
[Black "Drygalov, Sergey"]
[Result "0-1"]
[WhiteTitle "GM"]
[BlackTitle "IM"]
[WhiteElo "2491"]
[BlackElo "2473"]
[WhiteFideId "13701703"]
[BlackFideId "24171743"]
[EventDate "2019.12.29"]

1. Nc3 c5 2. e4 e6 3. Nf3 a6 4. d4 cxd4 5. Nxd4 Qc7 6. Bd3 Nc6 7. Nxc6 dxc6 8.
O-O e5 9. f4 Nf6 10. Kh1 Bd6 11. f5 h5 12. a4 b6 13. Be3 Bb7 14. Qe2 Ng4 15. Bg1
O-O 16. Rf3 b5 17. Rg3 Be7 18. Rf1 Rac8 19. axb5 cxb5 20. Nd1 Nf6 21. Be3 Bxe4
22. Bh6 Bxd3 23. Rxg7+ Kh8 24. cxd3 Qc2 25. Qe3 Rg8 26. Rxg8+ Rxg8 27. Nf2 Qc6
28. Rg1 Bc5 29. Qe2 Bxf2 30. Qxf2 Ng4 31. Qh4 Qxh6 32. Rf1 Qg5 33. Qg3 Nf6 34.
Qf2 Ng4 35. Qg3 Kh7 36. f6 Rg6 37. Re1 Rxf6 38. Kg1 Qf4 39. Qh4 Qf2+ 40. Qxf2
Nxf2 41. Rxe5 Nxd3 42. Rxh5+ Kg6 43. Rd5 Nxb2 44. h4 Re6 45. g4 f6 46. Rd7 a5
47. Rd5 Rb6 48. h5+ Kh6 49. Rd8 a4 50. Rh8+ Kg5 51. Rg8+ Kh6 52. Rh8+ Kg7 53.
Ra8 b4 54. Ra7+ Kh6 55. Ra8 a3 56. Ra7 Nc4 0-1

[Event "Mondiale Lampo FIDE 2019"]
[Site "Mosca"]
[Date "30.12.2019"]
[Round "16.57"]
[White "Ismagambetov, Anuar"]
[Black "Kezin, Roman"]
[Result "1/2-1/2"]
[WhiteTitle "GM"]
[BlackTitle "IM"]
[WhiteElo "2528"]
[BlackElo "2470"]
[WhiteFideId "13701525"]
[BlackFideId "24124621"]
[EventDate "2019.12.29"]

1. e4 c5 2. Nc3 Nc6 3. f4 g6 4. Nf3 Bg7 5. Bc4 e6 6. f5 Nge7 7. fxe6 dxe6 8. d3
Na5 9. Bb3 O-O 10. O-O Nec6 11. Qe1 Nd4 12. Nxd4 cxd4 13. Ne2 Nxb3 14. cxb3 e5
15. Bd2 Be6 16. Rc1 Qd7 17. Qh4 Rac8 18. Bh6 Rxc1 19. Rxc1 Rc8 20. Rf1 Bxh6 21.
Qxh6 Rc2 22. Ng3 Rxb2 23. Qg5 Rxa2 24. Nh5 Qc7 25. Nf6+ Kf8 26. Nxh7+ Kg7 27.
Nf6 Kf8 28. Nh7+ Kg7 29. Nf6 Qc2 30. Nh5+ Kh7 31. Nf6+ Kg7 32. Nh5+ Kh7 33. Nf6+ 1/2-1/2

[Event "Mondiale Lampo FIDE 2019"]
[Site "Mosca"]
[Date "30.12.2019"]
[Round "16.58"]
[White "Rychagov, Andrey"]
[Black "Pigusov, Evgeny"]
[Result "1/2-1/2"]
[WhiteTitle "GM"]
[BlackTitle "GM"]
[WhiteElo "2545"]
[BlackElo "2555"]
[WhiteFideId "4119932"]
[BlackFideId "4100514"]
[EventDate "2019.12.29"]

1. d4 Nf6 2. c4 c5 3. d5 e6 4. Nc3 exd5 5. cxd5 d6 6. Nf3 g6 7. Bf4 Nh5 8. Bg5
Be7 9. Bh6 Bf8 10. Bxf8 Kxf8 11. e3 a6 12. a4 Bg4 13. Be2 Bxf3 14. Bxf3 Nf6 15.
O-O Kg7 16. Qb3 Qc7 17. a5 Nbd7 18. Na4 Rab8 19. Qc3 b5 20. axb6 Nxb6 21. Rfd1
Nd7 22. Be2 a5 23. b3 Rb4 24. Nb2 Rhb8 25. Bc4 Ne5 26. Ra3 Ne4 27. Qc2 f5 28. f3
Nf6 29. Rda1 Nxc4 30. Nxc4 Nxd5 31. Qd3 Nf6 32. Rxa5 Rxb3 33. Qxd6 Qxd6 34. Nxd6
Rb1+ 35. Rxb1 Rxb1+ 36. Kf2 Rb2+ 37. Kg3 Nd5 38. e4 fxe4 39. fxe4 Ne3 40. e5 c4
41. Ra7+ Kh6 42. Nf7+ Kh5 43. Kf3 Ng4 44. h3 Nh2+ 45. Kf4 Rxg2 46. e6 Re2 47.
Ne5 Rf2+ 48. Kg3 Re2 49. Kf4 Rf2+ 50. Ke3 Rf8 51. e7 Re8 52. Nc6 1/2-1/2

[Event "Mondiale Lampo FIDE 2019"]
[Site "Mosca"]
[Date "30.12.2019"]
[Round "16.59"]
[White "Can, Emre"]
[Black "Sjugirov, Sanan"]
[Result "1-0"]
[WhiteTitle "GM"]
[BlackTitle "GM"]
[WhiteElo "2600"]
[BlackElo "2665"]
[WhiteFideId "6302181"]
[BlackFideId "4189302"]
[EventDate "2019.12.29"]

1. e4 g6 2. d4 Bg7 3. Nc3 d6 4. f4 a6 5. Nf3 b5 6. Bd3 Nd7 7. e5 e6 8. O-O Ne7
9. Ne4 Nb6 10. c3 Bb7 11. Bd2 O-O 12. Be1 Bxe4 13. Bxe4 Ned5 14. Bh4 Qd7 15. Qd2
Rae8 16. Rae1 f6 17. exf6 Nxf6 18. Bc2 Nfd5 19. Ng5 c5 20. dxc5 dxc5 21. Bg3 b4
22. cxb4 Nc4 23. Qd3 Nxb2 24. Qf3 cxb4 25. Qg4 Nc4 26. Qh3 Bd4+ 27. Kh1 Ncb6 28.
Nxe6 Bc3 29. Nxf8 Qxh3 1-0

[Event "Mondiale Lampo FIDE 2019"]
[Site "Mosca"]
[Date "30.12.2019"]
[Round "16.60"]
[White "Antipov, Mikhail Al."]
[Black "Melkumyan, Hrant"]
[Result "0-1"]
[WhiteTitle "GM"]
[BlackTitle "GM"]
[WhiteElo "2549"]
[BlackElo "2668"]
[WhiteFideId "4107012"]
[BlackFideId "13302485"]
[EventDate "2019.12.29"]

1. e4 c6 2. Nf3 d5 3. d3 Qc7 4. Nc3 dxe4 5. Nxe4 Nf6 6. Bd2 Bf5 7. Qe2 Nbd7 8.
O-O-O e6 9. Nh4 Bxe4 10. dxe4 O-O-O 11. f4 Nc5 12. e5 Nfe4 13. Be3 Rxd1+ 14.
Qxd1 Be7 15. Nf3 Qa5 16. Kb1 Na4 17. Bd2 Qb6 18. Qc1 Ba3 0-1

[Event "Mondiale Lampo FIDE 2019"]
[Site "Mosca"]
[Date "30.12.2019"]
[Round "16.61"]
[White "Yilmaz, Mustafa"]
[Black "Chigaev, Maksim"]
[Result "0-1"]
[WhiteTitle "GM"]
[BlackTitle "GM"]
[WhiteElo "2604"]
[BlackElo "2631"]
[WhiteFideId "6302718"]
[BlackFideId "4108116"]
[EventDate "2019.12.29"]

1. e4 c5 2. Nf3 d6 3. d4 Nf6 4. Nc3 cxd4 5. Nxd4 a6 6. Be2 e6 7. Be3 Qc7 8. a4
Nc6 9. Nb3 b6 10. O-O Be7 11. f4 O-O 12. Qe1 Rb8 13. Bd3 Nd7 14. Qg3 Re8 15.
Rae1 Bf8 16. Qh4 Qd8 17. Qh3 g6 18. f5 Nce5 19. Nd4 Nc5 20. Bf2 Be7 21. Bg3 Bd7
22. Be2 Bf6 23. b4 Nxa4 24. Nxa4 Bxa4 25. fxe6 fxe6 26. Nxe6 Qe7 27. Nc7 Bd7 28.
Nxe8 Rxe8 29. Bxe5 Bxe5 30. Qb3+ Kh8 31. Bxa6 b5 32. Bb7 Qh4 33. g3 Qh5 34. Qd3
Bh3 35. Rf7 Be6 36. Rf2 Bc4 37. Qe3 Kg7 38. Bd5 Bxd5 39. exd5 Rc8 40. Qa7+ Kh6
41. Qe3+ Kg7 42. Qf3 Qxf3 43. Rxf3 Rxc2 44. Rd3 Kf7 45. Rf1+ Kg7 46. Rf2 Rc4 47.
Kg2 Rxb4 48. Rdf3 Rd4 49. Rf7+ Kh6 50. Rb7 b4 51. Rff7 Kg5 52. Kf3 h6 53. h4+
Kh5 54. Rh7 Rd3+ 55. Ke2 Rxg3 56. Rxb4 Rh3 57. Kf2 Rd3 58. Rb8 Rxd5 59. Rbh8
Bxh8 60. Rxh8 Rd4 61. Kg3 Rg4+ 62. Kf3 Rxh4 63. Rd8 Rd4 64. Ke3 Rd5 65. Ke4 Rd1
66. Ke3 g5 67. Ke4 Kg4 68. Rf8 h5 69. Rf2 d5+ 70. Ke5 h4 71. Rg2+ Kh5 72. Kf6
Rf1+ 73. Ke5 h3 74. Kd4 0-1

[Event "Mondiale Lampo FIDE 2019"]
[Site "Mosca"]
[Date "30.12.2019"]
[Round "16.62"]
[White "Potapov, Pavel"]
[Black "Petrosian, Tigran L."]
[Result "0-1"]
[WhiteTitle "GM"]
[BlackTitle "GM"]
[WhiteElo "2482"]
[BlackElo "2601"]
[WhiteFideId "4169786"]
[BlackFideId "13301616"]
[EventDate "2019.12.29"]

1. e4 g6 2. d4 Bg7 3. Nc3 a6 4. f4 d6 5. Nf3 b5 6. Bd3 Nd7 7. e5 Bb7 8. O-O c5
9. Be4 Qc8 10. Be3 Nh6 11. Qe2 b4 12. Bxb7 Qxb7 13. Nd1 cxd4 14. Bxd4 Nf5 15. c3
O-O 16. Ne3 Qe4 17. Rae1 Nxd4 18. cxd4 e6 19. g3 Rfc8 20. Rd1 Nb6 21. Ng5 Qc6
22. d5 exd5 23. e6 f6 24. Nf3 f5 25. g4 d4 26. Nxd4 Qe4 27. Nb3 Nc4 28. Rfe1
Qxe6 29. Nxc4 Qxe2 30. Rxe2 Rxc4 31. gxf5 gxf5 32. Rxd6 Rxf4 33. Rd7 Rg4+ 34.
Kf2 a5 35. Kf3 a4 36. Nc5 a3 37. b3 Rg6 38. h4 Bf8 39. Nd3 Rg7 40. Rd5 Rc8 41.
Rxf5 Rc3 42. Re8 Rf7 43. Rxf7 Kxf7 44. Rd8 Rc2 45. Ne5+ Ke7 46. Ra8 Rxa2 47.
Nc6+ Kf7 48. Ne5+ Ke6 49. Nd3 Bd6 50. Ra6 Kd5 51. Ke3 Rh2 52. Ra5+ Ke6 53. Ra6
Rh3+ 54. Kd2 Kd5 55. Ra5+ Kd4 56. Ne1 Bf4+ 57. Kd1 Rxb3 58. Nc2+ Ke4 59. Ra8
Rb1+ 60. Ke2 Rb2 61. Kd1 a2 0-1

[Event "Mondiale Lampo FIDE 2019"]
[Site "Mosca"]
[Date "30.12.2019"]
[Round "16.63"]
[White "Pashikian, Arman"]
[Black "Vishnu Prasanna, V"]
[Result "0-1"]
[WhiteTitle "GM"]
[BlackTitle "GM"]
[WhiteElo "2605"]
[BlackElo "2493"]
[WhiteFideId "13301578"]
[BlackFideId "5030692"]
[EventDate "2019.12.29"]

1. d4 Nf6 2. c4 g6 3. Nc3 Bg7 4. e4 d6 5. Be2 O-O 6. Be3 c5 7. d5 e6 8. Nf3 Re8
9. Nd2 Na6 10. O-O Nc7 11. a4 b6 12. Qc2 Ba6 13. Rae1 exd5 14. exd5 Bc8 15. h3
Na6 16. Bf4 Nb4 17. Qc1 a6 18. g4 h5 19. f3 Rxe2 20. Nxe2 Nd3 21. Qc2 Nxe1 22.
Rxe1 b5 23. Nc3 hxg4 24. hxg4 Nxg4 25. fxg4 Qh4 26. Re8+ Kh7 27. Qd3 Bd4+ 28.
Kg2 Qf2+ 29. Kh3 Qxf4 30. Qf3 Qxg4+ 31. Qxg4 Bxg4+ 32. Kxg4 Rxe8 33. axb5 axb5
34. Nxb5 f5+ 35. Kf3 Re3+ 36. Kf4 Rd3 37. Nf3 Be3+ 38. Kg3 g5 39. Nxd6 Bf4+ 0-1

[Event "Mondiale Lampo FIDE 2019"]
[Site "Mosca"]
[Date "30.12.2019"]
[Round "16.64"]
[White "Belov, Vladimir"]
[Black "Khanin, Semen"]
[Result "1-0"]
[WhiteTitle "GM"]
[BlackTitle "IM"]
[WhiteElo "2598"]
[BlackElo "2500"]
[WhiteFideId "4132394"]
[BlackFideId "4111990"]
[EventDate "2019.12.29"]

1. d4 Nf6 2. c4 g6 3. Nc3 d5 4. cxd5 Nxd5 5. e4 Nxc3 6. bxc3 Bg7 7. Nf3 c5 8. h3
O-O 9. Be2 Nc6 10. Be3 cxd4 11. cxd4 Qa5+ 12. Bd2 Qd8 13. d5 Bxa1 14. Qxa1 Na5
15. Bh6 f6 16. Bxf8 Kxf8 17. O-O Qd6 18. e5 fxe5 19. Nxe5 Kg8 20. Re1 Bf5 21.
Ng4 Bxg4 22. Bxg4 Qf6 23. Qxf6 exf6 24. Re7 f5 25. Bf3 Rd8 26. Kh2 a6 27. Kg3
Nc4 28. Rxb7 Nd2 29. Ra7 Nxf3 30. Kxf3 Rxd5 31. Rxa6 Kg7 32. Ra7+ Kf6 33. Ke3
Re5+ 34. Kd3 Rd5+ 35. Kc3 Rc5+ 36. Kd3 Rd5+ 37. Ke3 Re5+ 38. Kf3 Rc5 39. g3 Rc3+
40. Ke2 Rc2+ 41. Ke3 Rb2 42. a4 Ra2 43. h4 Ra3+ 44. Kd4 Ra2 45. a5 Rxf2 46. Rxh7
Ra2 47. Ra7 Ra3 48. a6 Rxg3 49. Rc7 Ra3 50. a7 f4 51. Kc4 Kf5 52. Kb4 Ra1 53.
Rc5+ Kg4 54. Ra5 Rxa5 55. Kxa5 Kxh4 56. a8=Q Kg3 57. Qg8 f3 58. Qxg6+ Kh2 59.
Qh5+ Kg3 60. Qg5+ Kh2 61. Qh4+ Kg2 62. Qg4+ Kf2 63. Kb4 Ke3 64. Qe6+ Kf4 65.
Qf6+ Kg3 66. Qg5+ Kh3 67. Qf4 Kg2 68. Qg4+ 1-0

[Event "Mondiale Lampo FIDE 2019"]
[Site "Mosca"]
[Date "30.12.2019"]
[Round "16.65"]
[White "Utegaliyev, Azamat"]
[Black "Reshetnikov, Alexey"]
[Result "1-0"]
[BlackTitle "IM"]
[WhiteElo "2502"]
[BlackElo "2492"]
[WhiteFideId "13702467"]
[BlackFideId "4162080"]
[EventDate "2019.12.29"]

1. Nf3 g6 2. g3 Bg7 3. Bg2 c5 4. O-O Nc6 5. d3 Nf6 6. Nc3 O-O 7. Bf4 d6 8. Qd2
Re8 9. Bh6 Bh8 10. h3 Rb8 11. Ng5 Bd7 12. e4 Nd4 13. Nd1 Ne6 14. Nxe6 Bxe6 15.
Ne3 d5 16. e5 d4 17. exf6 dxe3 18. Bxe3 Bxf6 19. Bxc5 Bxb2 20. Rab1 Bd4 21. Bxd4
Qxd4 22. Rb4 Qf6 23. a4 b6 24. a5 Rec8 25. axb6 Rxb6 26. Rxb6 axb6 27. d4 Bc4
28. Re1 Rd8 29. c3 b5 30. Qe3 e6 31. h4 h5 32. Ra1 Bd5 33. Bxd5 Rxd5 34. Rb1 Qf5
35. Rb2 Kg7 36. Qe2 Kh7 37. Kg2 Kg7 38. Qf3 Qxf3+ 39. Kxf3 Kf6 40. Ke4 Ke7 41.
Ra2 Rf5 42. Ra7+ Kf6 43. f4 Rd5 44. Rb7 Rf5 45. Rc7 Rd5 46. Rc6 Rf5 47. Rc7 Rd5
48. Rb7 Rf5 49. Ra7 Rd5 50. Rc7 Rf5 51. Kd3 Rd5 52. Rb7 Rf5 53. Kc2 Rd5 54. Kb3
Kf5 55. Rxf7+ Kg4 56. Rf6 Kxg3 57. Rxe6 Kxh4 58. Rxg6 Rf5 59. Kb4 Kh3 60. Rg5
Rxf4 1-0

[Event "Mondiale Lampo FIDE 2019"]
[Site "Mosca"]
[Date "30.12.2019"]
[Round "16.66"]
[White "Bosiocic, Marin"]
[Black "Geller, Jakov"]
[Result "1-0"]
[WhiteTitle "GM"]
[BlackTitle "GM"]
[WhiteElo "2623"]
[BlackElo "2521"]
[WhiteFideId "14507927"]
[BlackFideId "4151984"]
[EventDate "2019.12.29"]

1. d4 d5 2. Nf3 Nf6 3. c4 e6 4. Nc3 c6 5. Bg5 dxc4 6. a4 Bb4 7. e4 Bxc3+ 8. bxc3
Qa5 9. Bd2 Nxe4 10. Bxc4 Nxd2 11. Qxd2 O-O 12. O-O Nd7 13. Rfe1 Qc7 14. a5 Rb8
15. Bd3 h6 16. Bc2 c5 17. Re4 cxd4 18. cxd4 Nf6 19. Rh4 Rd8 20. Rc1 Qe7 21. Bb1
Bd7 22. Ne5 Bc6 23. Qe3 Bd5 24. Qg3 Kf8 25. Bd3 Rbc8 26. Rf1 Rc3 27. Qe3 Ra3 28.
Rxh6 gxh6 29. Qxh6+ Ke8 30. Qh8+ Qf8 31. Qxf6 Qg8 32. Bb5+ Bc6 33. Nxc6 bxc6 34.
Bxc6+ Rd7 35. Rb1 1-0

[Event "Mondiale Lampo FIDE 2019"]
[Site "Mosca"]
[Date "30.12.2019"]
[Round "16.67"]
[White "Iljiushenok, Ilia"]
[Black "Atabayev, Maksat"]
[Result "1-0"]
[WhiteTitle "GM"]
[BlackTitle "GM"]
[WhiteElo "2521"]
[BlackElo "2475"]
[WhiteFideId "24105074"]
[BlackFideId "14001101"]
[EventDate "2019.12.29"]

1. e4 c5 2. Nf3 Nc6 3. d4 cxd4 4. Nxd4 g6 5. Nc3 Bg7 6. Nb3 Nf6 7. Be2 O-O 8.
O-O d6 9. Re1 b6 10. Bf1 Bb7 11. h3 Rc8 12. Bg5 Nd7 13. Qd2 Na5 14. Bh6 Nc4 15.
Bxc4 Rxc4 16. Rad1 Qc8 17. Bxg7 Kxg7 18. Nd4 Nf6 19. Qg5 e6 20. Ndb5 Rc5 21. Qf4
d5 22. exd5 Bxd5 23. Qd4 a6 24. Nd6 Qc6 25. Nde4 Bxe4 26. Nxe4 e5 27. Qd3 Nxe4
28. Rxe4 Rxc2 29. Rxe5 Rxb2 30. Qd4 Rc2 31. Re6+ 1-0

[Event "Mondiale Lampo FIDE 2019"]
[Site "Mosca"]
[Date "30.12.2019"]
[Round "16.68"]
[White "Kazhgaleyev, Murtas"]
[Black "Baron, Tal"]
[Result "1-0"]
[WhiteTitle "GM"]
[BlackTitle "GM"]
[WhiteElo "2569"]
[BlackElo "2541"]
[WhiteFideId "13700316"]
[BlackFideId "2809958"]
[EventDate "2019.12.29"]

1. d4 Nf6 2. c4 g6 3. Nc3 d5 4. cxd5 Nxd5 5. Bd2 Bg7 6. e4 Nxc3 7. Bxc3 O-O 8.
Qd2 Nc6 9. d5 Ne5 10. f4 Ng4 11. Bxg7 Kxg7 12. Be2 c6 13. Bxg4 Bxg4 14. h3 Bd7
15. Rd1 Qb6 16. Nf3 cxd5 17. Qxd5 Kg8 18. Qxd7 Rad8 19. Qa4 Qe3+ 20. Kf1 b5 21.
Qc2 Rxd1+ 22. Qxd1 Rc8 23. Qe2 Rc1+ 24. Ne1 Qxf4+ 25. Kg1 Qg3 26. Kf1 Qf4+ 27.
Qf3 Qd2 28. Qf2 Qa5 29. a3 b4 30. Qd2 Qa6+ 31. Kf2 Qf6+ 32. Ke2 Rb1 33. Rf1 Qe5
34. Nf3 Qb5+ 35. Ke3 Rxf1 36. axb4 Qb6+ 37. Kf4 g5+ 38. Kxg5 Qg6+ 39. Kh4 Qxg2
40. Qxg2+ 1-0

[Event "Mondiale Lampo FIDE 2019"]
[Site "Mosca"]
[Date "30.12.2019"]
[Round "16.69"]
[White "Murzin, Volodar"]
[Black "Sek, Konstantin"]
[Result "1-0"]
[WhiteTitle "IM"]
[WhiteElo "2442"]
[BlackElo "2446"]
[WhiteFideId "44155573"]
[BlackFideId "24104302"]
[EventDate "2019.12.29"]

1. e4 e5 2. Nf3 Nc6 3. Bb5 a6 4. Ba4 d6 5. O-O Bg4 6. d3 Qf6 7. Bxc6+ bxc6 8.
Nbd2 Ne7 9. c3 Ng6 10. Qa4 Bd7 11. Nc4 d5 12. Na5 Rb8 13. Be3 Be7 14. Bg5 Qe6
15. Bxe7 Nxe7 16. Nb3 O-O 17. Nc5 Qd6 18. Nxe5 Bc8 19. d4 Rxb2 20. Rab1 Rb6 21.
Qc2 f5 22. exd5 cxd5 23. Rfe1 f4 24. f3 Nf5 25. a4 Ne3 26. Qf2 Bf5 27. Rxb6 cxb6
28. Nxa6 Qa3 29. Qd2 Qxa4 30. Nb4 Rc8 31. h3 Qa3 32. Rc1 h6 33. Nbd3 g5 34. g3
Bxd3 35. Nxd3 Nc4 36. Qe2 Ne3 37. gxf4 gxf4 38. Qd2 Kh8 39. Kh2 Qd6 40. Rg1 Rg8
41. Ne5 Rxg1 42. Nf7+ Kg7 43. Nxd6 Nf1+ 44. Kxg1 Nxd2 45. Kf2 Nb1 46. Nb5 Kf6
47. Ke2 Kg5 48. Kd3 Kh4 49. Nc7 Kg3 50. Nxd5 Kxf3 51. Nxb6 Kg2 52. Nd5 f3 53.
Ne3+ Kxh3 54. d5 Na3 55. d6 Nb5 56. d7 1-0

[Event "Mondiale Lampo FIDE 2019"]
[Site "Mosca"]
[Date "30.12.2019"]
[Round "16.70"]
[White "Sutovsky, Emil"]
[Black "Piorun, Kacper"]
[Result "0-1"]
[WhiteTitle "GM"]
[BlackTitle "GM"]
[WhiteElo "2643"]
[BlackElo "2611"]
[WhiteFideId "2802007"]
[BlackFideId "1130420"]
[EventDate "2019.12.29"]

1. e4 e5 2. Nf3 Nc6 3. Bb5 g6 4. c3 Bg7 5. d4 exd4 6. cxd4 a6 7. Ba4 b5 8. Bc2
Nge7 9. Nc3 O-O 10. O-O d6 11. h3 Bb7 12. Be3 Na5 13. Qc1 Nc4 14. Bh6 c5 15. b3
Nb6 16. Qf4 Rc8 17. Bxg7 Kxg7 18. d5 b4 19. Ne2 f5 20. Ng5 Qd7 21. Ne6+ Kg8 22.
Nxf8 Rxf8 23. Qh4 fxe4 24. Bxe4 Nbxd5 25. Ng3 Nf4 26. Rfe1 Bxe4 27. Rxe4 Ned5
28. Rae1 Qf7 29. Kh2 Nxh3 0-1

[Event "Mondiale Lampo FIDE 2019"]
[Site "Mosca"]
[Date "30.12.2019"]
[Round "16.71"]
[White "Riazantsev, Alexander"]
[Black "Galkin, Alexander"]
[Result "1/2-1/2"]
[WhiteTitle "GM"]
[BlackTitle "GM"]
[WhiteElo "2639"]
[BlackElo "2611"]
[WhiteFideId "4125029"]
[BlackFideId "4120426"]
[EventDate "2019.12.29"]

1. d4 d5 2. c4 e6 3. Nf3 c6 4. b3 f5 5. Bf4 Nf6 6. a3 Bd6 7. e3 O-O 8. Bd3 Ne4
9. O-O b6 10. Bxd6 Qxd6 11. Ne5 Nd7 12. f4 Bb7 13. Bxe4 fxe4 14. Nc3 Nxe5 15.
fxe5 Qe7 16. Qg4 Ba6 17. h3 Rae8 18. Rxf8+ Rxf8 19. cxd5 cxd5 20. b4 Bd3 21. Rc1
g6 22. Kh2 Kg7 23. Nd1 h5 24. Qg3 Rf1 25. h4 Be2 26. Nc3 Rxc1 27. Nxe2 Rf1 28.
Nf4 Rxf4 29. Qxf4 Qd8 30. b5 Qe7 31. a4 Qf7 32. Qg5 Qf2 33. Qe7+ Kh6 34. Qxe6
Qxh4+ 35. Qh3 Qxh3+ 36. gxh3 g5 1/2-1/2

[Event "Mondiale Lampo FIDE 2019"]
[Site "Mosca"]
[Date "30.12.2019"]
[Round "16.72"]
[White "Bocharov, Dmitry"]
[Black "Dragnev, Valentin"]
[Result "0-1"]
[WhiteTitle "GM"]
[BlackTitle "GM"]
[WhiteElo "2524"]
[BlackElo "2553"]
[WhiteFideId "4138716"]
[BlackFideId "1634852"]
[EventDate "2019.12.29"]

1. Nf3 d5 2. e3 Nf6 3. c4 e6 4. b3 c5 5. Bb2 Nc6 6. cxd5 exd5 7. Be2 d4 8. Bb5
Bd6 9. Na3 O-O 10. h3 Nb4 11. exd4 cxd4 12. Bxd4 Qa5 13. Bb2 Nbd5 14. Nc4 Qxb5
15. Nxd6 Qa6 16. Nc4 Re8+ 17. Nfe5 b5 18. Ne3 Nxe3 19. fxe3 Qd6 20. Qf3 Rb8 21.
Qc6 Re6 22. Qxd6 Rxd6 23. Rc1 Bb7 24. Nf3 Rbd8 25. Bd4 Ra6 26. Rc7 Be4 27. Rxa7
Rxa7 28. Bxa7 Ra8 29. Bd4 Nd7 30. O-O Rxa2 31. Ra1 Rxa1+ 32. Bxa1 b4 33. Nd4 Bd5
34. Nf5 Bxb3 35. Nxg7 Bc2 36. Nh5 b3 37. Nf6+ Nxf6 38. Bxf6 h6 39. Bc3 Kh7 40.
Kf2 Kg6 41. Kf3 Kf5 42. g4+ Ke6 43. Kf4 Bg6 44. h4 f6 45. h5 Bd3 46. e4 Bc2 47.
d4 Bd1 48. d5+ Kf7 49. Kf5 Be2 50. Bxf6 Bxg4+ 51. Kf4 Kxf6 0-1